Chanteurs et musiciens en N (par images). - Statistiques

Statistiques générales
  • Ce quiz a été pris 442 fois
  • Le résultat moyen est 6 sur 12
Statistiques - réponses
Par images Réponse % Correct
Aya Nakamura
96%
Yannick Noah
87%
Nekfeu
86%
Ninho
75%
Nirvana
75%
Niska
68%
Nicoletta
31%
Noir Désir
29%
Nâdiya
26%
Claude Nougaro
20%
Nas
12%
Stevie Nicks
6%
Aucun quiz correspondant
Distribution des résultats
% des personnes avec chaque résultat
Percentile par nombre de réponses
Votre historique - résultats
Vous n’avez pas pris ce quiz